Statistiques concernant Les noms de pays contenant "BO"

Cliquez ici pour prendre le quiz!

Statistiques générales

  • Ce quiz a été pris 412 fois
  • Le résultat moyen est 5 sur 7

Statistiques - réponses

Answer % Correct
Bolivie
96%
Botswana
89%
Bosnie-Herzégovine
85%
Gabon
67%
Cambodge
55%
Luxembourg
45%
Djibouti
37%

Distribution des résultats

Percentile par nombre de réponses

% des personnes avec chaque résultat

Votre développement - résultats

Vous n’avez pas pris ce quiz